00597nam a2200169 i 450000100060000000300090000600500170001500700030003200800410003510000280007624500880010426000520019230000200024485200230026499900170028795201230030484472ES-MaACL20230906175023.0t|041123s19061907ne ||||1| fre d1 aJitta, Josephus.96667013aLa substance des obligations dans le droit international privé /cJosephus Jitta. aLa Haye : b[s.n., c1906-7] (fA. D. Schinkel) a2 v. ; c25 cm. aES-MaACLjF-4600-1 c84472d84472 00104070aATENEOMbATENEOMcDEPO2d2008-01-17eSCl0oF-4600-1p1088276r2023-02-23 00:00:00w2023-02-23yMONOGRAFIA